000 00287nam a2200097Ia 4500
008 220204s9999 xx 000 0 und d
082 _a061.6:63(5-13)
_bSAI
245 0 _aAgricultural training in SAARC countries
260 _aDhaka
_bSAARC Agricultural Information Centre
_c1998
942 _cBK
999 _c43874
_d43874